THE AGE OF IRON AND THE RELIGIOUS REVOLUTION (Record no. 25873)

MARC details
000 -LEADER
fixed length control field 00344nam a2200133Ia 4500
005 - DATE AND TIME OF LATEST TRANSACTION
control field 20250409181617.0
008 - FIXED-LENGTH DATA ELEMENTS--GENERAL INFORMATION
fixed length control field 250409s9999||||xx |||||||||||||| ||und||
100 ## - MAIN ENTRY--PERSONAL NAME
Personal name KRISHNA MOHAN SHRIMALI
245 #4 - TITLE STATEMENT
Title THE AGE OF IRON AND THE RELIGIOUS REVOLUTION
260 ## - PUBLICATION, DISTRIBUTION, ETC.
Name of publisher, distributor, etc. TULIKA BOOKS
Place of publication, distribution, etc. NEW DELHI
300 ## - PHYSICAL DESCRIPTION
Extent 160.P
650 ## - SUBJECT ADDED ENTRY--TOPICAL TERM
Topical term or geographic name entry element HISTORY
942 ## - ADDED ENTRY ELEMENTS (KOHA)
Koha item type BOOK
Holdings
Withdrawn status Lost status Damaged status Not for loan Home library Current library Shelving location Date acquired Total checkouts Full call number Barcode Date last seen Price effective from Koha item type
        St.Dominics College Library St.Dominics College Library Reference 04/09/2025   934.04 SHR 34660 04/09/2025 04/09/2025 REFERENCE BOOK